| 000 | 00398nam a2200157Ia 4500 | ||
|---|---|---|---|
| 005 | 20250429074111.0 | ||
| 008 | 240331s9999 xx 000 0 und d | ||
| 020 | _a9788189945053 | ||
| 082 |
_bRAM _a302.23 |
||
| 100 | _aRaamasaami,A | ||
| 245 | 0 | _aTamiz cinimaa akaveliyum puraveliyum | |
| 260 |
_aNagercoil _bKalachuvadu Pathippagam _c2007 |
||
| 300 | _a176 p ., | ||
| 650 | _aEssays | ||
| 942 | _cL | ||
| 999 |
_c4712 _d4712 |
||